000 00336nam a2200133 i 4500
001 bg
100 1 _aPFEIFER, H.
245 0 _aElektronik für der Physiker VI.
_nBd. 43,
_pHalbleiterelektronik /
_cH. Pfeifer.
260 _aBerlin,
_c1967.
040 _cBPK
041 _apol
942 _cKS
008 s pl f |000 0 pol
999 _c11691
_d11691
856 _uhttp://koha.tu.koszalin.pl/cgi-bin/koha/opac-detail.pl?biblionumber=11691
_yKatalog online BPK